Էներգահամակարգի օպերատիվ կառավարում և պլանավորում : (Record no. 414321)
[ view plain ]
| 000 -LEADER | |
|---|---|
| fixed length control field | 01524nam a22002417a 4500 |
| 003 - CONTROL NUMBER IDENTIFIER | |
| control field | AM-YeHGA |
| 005 - DATE AND TIME OF LATEST TRANSACTION | |
| control field | 20250618074932.0 |
| 008 - FIXED-LENGTH DATA ELEMENTS--GENERAL INFORMATION | |
| fixed length control field | 180910s2018 ai |||||| ||| 00| | arm d |
| 020 ## - INTERNATIONAL STANDARD BOOK NUMBER | |
| International Standard Book Number | 9789939726694 |
| 040 ## - CATALOGING SOURCE | |
| Original cataloging agency | AM-YeHGA |
| 041 0# - LANGUAGE CODE | |
| Language code of text/sound track or separate title | arm |
| 090 ## - LOCALLY ASSIGNED LC-TYPE CALL NUMBER (OCLC); LOCAL CALL NUMBER (RLIN) | |
| -- | 416635 |
| 100 1# - MAIN ENTRY--PERSONAL NAME | |
| Personal name | Բաղրամյան, Գարեգին Քաջիկի |
| 245 10 - TITLE STATEMENT | |
| Title | Էներգահամակարգի օպերատիվ կառավարում և պլանավորում : |
| Remainder of title | Ուսումնական ձեռնարկ / |
| Statement of responsibility, etc. | Գ.Ք.Բաղրամյան, Մ.Ֆ. Էլբակյան ; Խմբ.՝ Ն.Ա. Խաչատրյան; ՀՀ ԿԳՆ,ՀԱՊՀ.Էներգ. և էլեկտրատեխնիկայի ինստիտուտ. Էլեկտրաէներգետիկ ոլորտի տնտտեսագիտություն և կառավարում ամբիոն. |
| 260 ## - PUBLICATION, DISTRIBUTION, ETC. | |
| Place of publication, distribution, etc. | Երևան : |
| Name of publisher, distributor, etc. | Ճարտարագետ, |
| Date of publication, distribution, etc. | 2018. |
| 300 ## - PHYSICAL DESCRIPTION | |
| Extent | 76 էջ ; |
| Dimensions | 20 սմ. |
| 650 14 - SUBJECT ADDED ENTRY--TOPICAL TERM | |
| Topical term or geographic name entry element | Օդային գծերի մեխանիկական մասի տարրեր |
| Form subdivision | Ուսումնական ձեռնարկ |
| 700 1# - ADDED ENTRY--PERSONAL NAME | |
| Personal name | Էլբակյան,Մարիա Ֆրունզեի |
| 700 1# - ADDED ENTRY--PERSONAL NAME | |
| Personal name | Խաչատրյան, Ն.Ա. |
| Relator term | խմբ. |
| Relationship | edt |
| 710 2# - ADDED ENTRY--CORPORATE NAME | |
| Corporate name or jurisdiction name as entry element | ՀՀ կրթության և գիտության նախարարություն |
| 9 (RLIN) | 8625 |
| 710 2# - ADDED ENTRY--CORPORATE NAME | |
| Corporate name or jurisdiction name as entry element | Հայաստանի ազգային պոլիտեխնիկական համալսարան. |
| Subordinate unit | Էներգետիկայի և էլեկտրատեխնիկայի ինստիտուտ. |
| -- | էներգետիկ ոլորտի տնտեսագիտություն և կառավարում ամբիոն. |
| 942 ## - ADDED ENTRY ELEMENTS (KOHA) | |
| Source of classification or shelving scheme | Universal Decimal Classification |
| Koha item type | Գրքեր / Books |
| Withdrawn status | Lost status | Source of classification or shelving scheme | Damaged status | Not for loan | Collection | Home library | Current library | Date acquired | Total checkouts | Full call number | Barcode | Date last seen | Price effective from | Koha item type | Public note |
|---|---|---|---|---|---|---|---|---|---|---|---|---|---|---|---|
| Universal Decimal Classification | General | Fundamental Scientific Library | Fundamental Scientific Library | 24/10/2018 | AII/103814 | FL0526831 | 24/10/2018 | 24/10/2018 | Գրքեր / Books | 30 Days Loan | |||||
| Universal Decimal Classification | General | Fundamental Scientific Library | Fundamental Scientific Library | 24/10/2018 | AII/103815 | FL0526832 | 24/10/2018 | 24/10/2018 | Գրքեր / Books | 30 Days Loan |
ՀՀ Գիտությունների ազգային ակադեմիայի հիմնարար գիտական գրադարան = Fundamental Scientific Library of NAS RA
All site content, except where otherwise noted, is licensed under a